000 01018cam a2200325 i 4500
001 000019649
003 DO-SdBNP
005 20230525154439.0
007 ta
008 811204s1970 sp 001 f spa d
040 _aDO-SdBNP
_bspa
_cBNPHU
049 _aBNGR
082 4 _a863.6
_bV181c, 1970
_222
100 1 _aValle-Inclán, Ramón del,
_d1866-1936.
_93325
_eautor
245 1 0 _aCorte de amor :
_bflorilegio de honestas y nobles damas /
_cRamón del Valle-Inclán.
250 _a5a ed.
264 _aMadrid :
_bEspasa-Calpe,
_c1970.
300 _a165, [16] páginas ;
_c18 cm.
336 _2rdacontent
_atexto
_btxt
337 _2rdamedia
_asin mediación
_bn
338 _2rdacarrier
_avolumen
_bnc
490 _aAustral. Azul: novelas y cuentos en general
_v271
500 _aIncluye índice de autores
590 _aInventariado, 2023/BT
650 4 _aNovela española
_91123
650 4 _aLiteratura española
_9632
650 4 _aMujeres
_xNovelas
_923627
910 _aBtavárez
942 _2ddc
_cLBS1
999 _c19165
_d19165